00381nam a2200133Ia 4500003000400000008004100004040001600045082002200061100002800083245006200111490002900173650001900202650002600221GCL140319s9999 xx 000 0 ara d aGCL / cGCL04aطb813.02bا ا1 aابراهيم عزوز10aالارنبة البيضاء / cابراهيم عزوز aقصص الاطفالv004aالاطفال04aقصص الاطفال